banner koha

Adaptability and stability of eggplant submitted to different levels of shading via REML/BLUP (Registro n. 338251)

MARC details
000 -LÍDER
fixed length control field 04807nab a2200337 i 4500
003 - CÓDIGO MARC DA AGÊNCIA CATALOGADORA
Campo de controle BR-BrBNA
005 - DATA E HORA DA ÚLTIMA ATUALIZAÇÃO
Campo de controle 20250918154545.0
008 - CAMPO DE TAMANHO FIXO
fixed length control field 250918b2022 bl.qr|pooa||| 00| 0 eng |
040 ## - FONTE DA CATALOGAÇÃO
Agência catalogadora BR-BrBNA
Idioma da catalogação eng
072 ## - CATEGORIA AGRIS
Código AGRIS F30
Código do objeto 1830
072 ## - CATEGORIA AGRIS
Código AGRIS F01
100 ## - ENTRADA PRINCIPAL - NOME PESSOAL
Nome pessoal Silva, Jordana Antônia dos S
100 ## - ENTRADA PRINCIPAL - NOME PESSOAL
Nome pessoal Pereira, Jacqueline Wanessa de L
100 ## - ENTRADA PRINCIPAL - NOME PESSOAL
Nome pessoal Valadares, Ricardo de N
100 ## - ENTRADA PRINCIPAL - NOME PESSOAL
Nome pessoal Lima, Rayhonay SR de
100 ## - ENTRADA PRINCIPAL - NOME PESSOAL
Nome pessoal Silva, Fabian S
100 ## - ENTRADA PRINCIPAL - NOME PESSOAL
Nome pessoal Guiselini, Cristiane
100 ## - ENTRADA PRINCIPAL - NOME PESSOAL
Nome pessoal Menezes, Dimas
245 ## - TÍTULO PRINCIPAL
Título principal Adaptability and stability of eggplant submitted to different levels of shading via REML/BLUP
500 ## - NOTA GERAL
Nota geral Publicação online; 27 ref.; 3 tables; Summaries (En, Pt)
942 ## - ADDED ENTRY ELEMENTS (KOHA)
Koha item type Analítica
520 ## - NOTA DE RESUMO
Nota de conteúdo <br/><br/><br/>ABSTRACT: This study aimed to evaluate the eggplant genotype x environment ineraction, using the REML/BLUP procedure, in order to identify genotypes with high productivity, adaptability and phenotypic stability. The experiments were carried out in agricultural greenhouses, in two seasons, with three types of shading: uncovered (UC); covered with plastic diffuser film (PD), 130 microns thick, covered with plastic diffuser film (130 micron) + 50% shading screen (SS). Twelve eggplant genotypes were evaluated, with four replicates and an experimental plot consisting of four plants. The traits evaluated in this study were: fruit set index, number of fruits per plant, average production of fruits/plant and in vitro pollen viability. To assess the adaptability and stability of the genotypes, statistical analyzes and estimation of genetic parameters were performed using the mixed-models of REML/BLUP type, with the aid of SELEGEN software and the statistical model 51. According to the results obtained, the authors verified an agreement between the three methods: Relative Performance of Genetic Values (PRVG), Harmonic Average of Genotypic Values (MHVG) and Harmonic Mean of Relative Performance of Genetic Values (MHPRVG) for average fruits production per plant (PP), number of fruits per plant (NF) and in vitro pollen viability (IVPV), showing the high degree of agreement in the ordering of materials. Thus, it is possible to indicate that the genotypes with the best productive performance, adaptability and stability in the evaluated environments were CNPH135×CNPH60, CNPH135×CNPH51, CNPH135×CNPH141, CNPH109, CNPH109×CNPH60 and CNPH109×CNPH141. <br/><br/><br/>Keywords: Solanum melongena, genotype x environment interaction, mixed models
520 ## - NOTA DE RESUMO
Nota de conteúdo <br/><br/><br/>RESUMO: Objetivou-se avaliar a interação entre genótipos de berinjela e ambientes, utilizando o procedimento REML/BLUP com a finalidade de identificar genótipos com alta produtividade, adaptabilidade e estabilidade fenotípica. Os experimentos foram conduzidos em estufas agrícolas, em duas épocas, com três tipos de sombreamento: Sem cobertura (UC); Cobertura com plástico filme difusor de 130 micras (PD); Cobertura com plástico filme difusor de 130 micras + tela de sombreamento de 50% SS. Foram avaliados 12 genótipos de berinjela, com quatro repetições e a parcela experimental composta por quatro plantas. Os caracteres avaliados foram: Índice de pegamento de fruto, Número de frutos por planta, Produção média de frutos/planta e Viabilidade polínica in vitro. Para a avaliação da adaptabilidade e estabilidade dos genótipos foram realizadas as análises estatísticas e a estimação dos parâmetros genéticos baseadas em modelos mistos do tipo REML/BLUP, empregando o software SELEGEN e o modelo estatístico 51. De acordo com os resultados obtidos, houve concordância entre os três métodos: Performance Relativa dos Valores Genéticos (PRVG), Média Harmônica dos Valores Genotípicos (MHVG) e Média Harmônica da Performance Relativa dos Valores Genéticos (MHPRVG) para os caracteres Produção média de frutos por planta (PP), Número de frutos por planta (NF) e Viabilidade polínica in vitro (IVPV), evidenciando o alto grau de concordância no ordenamento dos materiais. A partir disto, é possível indicar que os genótipos com o melhor desempenho produtivo, adaptabilidade e estabilidade nos ambientes avaliados foram CNPH135×CNPH60, CNPH135×CNPH51, CNPH135×CNPH141, CNPH109, CNPH109×CNPH60 e CNPH109×CNPH141.<br/><br/><br/><br/>Palavras-chave: Solanum melongena, interação genótipo x ambiente, modelos misto
650 ## - ASSUNTO - THESAGRO
Cabeçalho tópico ou nome geográfico BERINJELA
650 ## - ASSUNTO - THESAGRO
Cabeçalho tópico ou nome geográfico INTERAÇÃO GENÉTICA
650 ## - ASSUNTO - THESAGRO
Cabeçalho tópico ou nome geográfico SOMBREAMENTO
650 ## - ASSUNTO - THESAGRO
Cabeçalho tópico ou nome geográfico PRODUTIVIDADE
773 0# - ENTRADA ANALÍTICA
Host Biblionumber 1047
Registro do item 357914
Imprenta Brasília-DF Sociedade de Olericultura do Brasil 1983
Outro identificador 2025-5879
Título Horticultura Brasileira (Brazil)
ISSN 0102-0536
Colação v. 40(1) p. 99-106; (2022)
Número de controle de registro BR2025002010
856 ## - ACESSO E ENDEREÇO ELETRÔNICO
Identificador uniforme de recurso - URI https://www.scielo.br/j/hb/a/hFPh5yW48nLcL8fQ7bbhLpf/?format=pdf&lang=en

Nenhum exemplar disponível.

BINAGRI

Telefone: (61)3218-2567/2388/3357/2097 - binagri@agro.gov.br

Ministério da Agricultura e Pecuária , Esplanada dos Ministérios, Bloco D, Anexo B, Brasília/DF, CEP: 70.043-900